[Event "Astana Open GM-norm 2018"]
[Site "Astana"]
[Date "2018.06.24"]
[Round "8"]
[White "Baurzhan, Kassimov"]
[Black "Jakhongir, Vakhidov"]
[Result "0-1"]
[WhiteElo "2386"]
[BlackElo "2546"]
[Annotator "TA"]
[PlyCount "102"]
[EventDate "2018.06.17"]
[EventType "tourn"]
[EventCountry "KAZ"]
[SourceTitle "playchess.com"]
[Source "ChessBase"]
[SourceQuality "1"]

{[%evp 20,102,18,18,18,14,8,5,19,0,0,0,0,0,0,0,0,0,0,-49,-28,-29,-32,-28,-31,-25,-38,-33,-28,-57,-57,-57,-55,-81,-70,-67,-18,-102,-107,-114,-100,-105,-106,-103,-100,-115,-112,-146,-143,-155,-155,-136,-88,-88,-88,-88,-88,-88,-89,-199,-193,-210,-213,-284,-274,-293,-293,-416,-416,-416,-416,-416,-409,-408,-402,-452,-445,-481,-480,-472,-443,-659,-545,-664,-663]} 1. e4 c5 2. Nf3 g6 3. d4 cxd4 4. Nxd4 Bg7 5. Nc3 Nc6 6. Nb3 Nf6 7. Be2 d6 8. O-O O-O 9. Bg5 Be6 10. Re1 h6 {B70: Sizilianisch (Drachen-Variante)} (10... Rc8 11. Bf1 h6 12. Bf4 d5 13. exd5 Nxd5 14. Nxd5 Bxd5 15. c3 e5 16. Be3 b6 17. Qc1 Qh4 18. f3 Rfd8 {0-1 (52) Andriasian,Z (2585)-Nakamura,H (2781) chess.com INT 2018}) 11. Bh4 {LiveBook: 20 Partien} Nd7 12. Rb1 a5 {Droht stark ...g5.Die Stellung ist ausgeglichen.} 13. Bb5 Nb6 14. a4 Nb4 15. Ne2 Bxb3 16. cxb3 d5 17. Nf4 $146 ({Vorgänger:} 17. exd5 N6xd5 18. Qd2 {1-0 (49) Osmanodja,F (2322)-Lubbe,M (2322) Dresden 2014}) 17... g5 18. Nh5 $1 dxe4 19. Qxd8 (19. Nxg7 $5 {[%cal Rd1g4]} Qxd1 20. Rbxd1 Kxg7 21. Bg3 $11) 19... Rfxd8 20. Bg3 Bd4 21. Rxe4 f5 22. Rxe7 {Schwarz muss nun Lc7 beachten.} f4 23. Bxf4 {zielt auf Lc7 ab.} gxf4 24. Nxf4 N4d5 25. Nxd5 Rxd5 26. Kf1 Rf8 $36 {[%mdl 2048] Schwarz hat Druck.} 27. f3 Bc5 28. Re6 (28. Rxb7 $11 {hält das Gleichgewicht.} Rd2 29. Rc1) 28... Kg7 $17 29. Rc1 {Mit der Idee Txc5.} Rf6 30. Rxf6 Kxf6 31. g3 Bd6 {Droht ...Td2 und aus.} 32. Rc2 Rd1+ 33. Ke2 {[#]} Rh1 $1 {[%cal Rh1h2]} 34. Ke3 {[#]} Nd5+ $1 35. Ke4 Nb4 36. Rd2 Re1+ 37. Re2 Rd1 38. f4 Nc6 39. Bd3 (39. Re3 $17 {war einen Versuch wert.}) 39... Bc5 $19 40. Rg2 Nd4 41. Bc4 Nf5 42. Rc2 b6 43. g4 (43. Ba6 $142) 43... Nd6+ 44. Kf3 Nxc4 45. bxc4 {[%mdl 4096] Endspiel KTL-KT} Rd3+ 46. Kg2 Rd4 47. Kf3 Bd6 {Schwarz steht klar auf Gewinn.} 48. g5+ hxg5 49. fxg5+ Kxg5 50. Rg2+ (50. Ke2 $142) 50... Kf5 51. Rc2 Rh4 {Precision: Weiß = 46%, Schwarz = 93%.} 0-1

[Event "Astana Open GM-norm 2018"]
[Site "Astana"]
[Date "2018.06.24"]
[Round "8"]
[White "Zhanibek, Amanov"]
[Black "Gulmira, Dauletova"]
[Result "1-0"]
[WhiteElo "2340"]
[BlackElo "2273"]
[Annotator "NA"]
[PlyCount "118"]
[EventDate "2018.06.17"]
[EventType "tourn"]
[EventCountry "KAZ"]
[SourceTitle "playchess.com"]
[Source "ChessBase"]
[SourceQuality "1"]
[TimeControl "5400+30"]

1. e4 {[%emt 0:01:06]} c5 {[%emt 0:02:32]} 2. Nf3 {[%emt 0:00:10]} e6 {[%emt 0:00:10]} 3. g3 {[%emt 0:01:54]} a6 {[%emt 0:02:23]} 4. Bg2 {[%emt 0:00:14]} Nc6 {[%emt 0:02:19]} 5. O-O {[%emt 0:02:42]} Qc7 {[%emt 0:01:51]} 6. Nc3 {[%emt 0:03:25]} Nf6 {[%emt 0:13:23]} 7. d4 {[%emt 0:05:20]} cxd4 {[%emt 0:00:18]} 8. Nxd4 {[%emt 0:00:01]} h5 {[%emt 0:00:24]} 9. h3 {[%emt 0:00:05]} Nxd4 {[%emt 0:02:52]} 10. Qxd4 {[%emt 0:00:02]} Bc5 {[%emt 0:00:28]} 11. Bf4 {[%emt 0:01:38]} d6 {[%emt 0:00:28]} 12. Qd2 {[%emt 0:00:16]} e5 {[%emt 0:01:12]} 13. Bg5 {[%emt 0:08:14]} Be6 {[%emt 0:00:59]} 14. Bxf6 {[%emt 0:01:50]} gxf6 {[%emt 0:00:02]} 15. Nd5 {[%emt 0:00:21]} Bxd5 {[%emt 0:07:23]} 16. Qxd5 {[%emt 0:00:11]} Qc6 {[%emt 0:05:24]} 17. Qd3 {[%emt 0:04:53]} a5 {[%emt 0:02:15]} 18. a4 {[%emt 0:09:45]} Qb6 {[%emt 0:11:43]} 19. c3 {[%emt 0:07:28]} Rg8 {[%emt 0:01:32]} 20. Qf3 {[%emt 0:04:12]} Ke7 {[%emt 0:03:52]} 21. Kh2 {[%emt 0:03:15]} Ra7 {[%emt 0:06:24]} 22. Qe2 {[%emt 0:00:50]} Rh8 {[%emt 0:06:28]} 23. h4 {[%emt 0:01:00]} Qa6 {[%emt 0:00:22]} 24. Qd2 {[%emt 0:03:35]} Qc4 {[%emt 0:04:04]} 25. Qc2 {[%emt 0:06:14]} Bb6 {[%emt 0:02:44]} 26. Rfd1 {[%emt 0:00:41]} Qc5 {[%emt 0:02:58]} 27. Rd2 {[%emt 0:03:21]} Raa8 {[%emt 0:00:04]} 28. Rf1 {[%emt 0:06:20]} Rad8 {[%emt 0:02:08]} 29. Rd5 {[%emt 0:00:58]} Qc6 {[%emt 0:00:05]} 30. Rb5 {[%emt 0:03:25]} Bc7 {[%emt 0:02:54]} 31. Qe2 {[%emt 0:02:06]} Rh7 {[%emt 0:00:40]} 32. Bf3 {[%emt 0:01:46]} Rdh8 {[%emt 0:00:02]} 33. Rd1 {[%emt 0:00:28]} Bb6 {[%emt 0:00:53]} 34. Kg2 {[%emt 0:02:08]} Qc7 {[%emt 0:00:32]} 35. Qc2 {[%emt 0:01:41]} Rb8 {[%emt 0:00:18]} 36. Qb3 {[%emt 0:01:01]} Bc5 {[%emt 0:00:23]} 37. Qc4 {[%emt 0:04:37]} Rc8 {[%emt 0:01:38]} 38. Qd5 {[%emt 0:03:06]} b6 {[%emt 0:01:47]} 39. Qd3 {[%emt 0:01:34]} Qd7 {[%emt 0:01:30]} 40. Qe2 {[%emt 0:01:11]} Qe6 {[%emt 0:01:54]} 41. Rd5 {[%emt 0:02:43]} Qd7 {[%emt 0:04:07]} 42. Qd3 {[%emt 0:00:23]} Qc6 {[%emt 0:00:36]} 43. b4 {[%emt 0:00:39]} axb4 {[%emt 0:00:15]} 44. cxb4 {[%emt 0:00:01]} Bd4 {[%emt 0:00:22]} 45. Rxd4 {[%emt 0:00:18]} exd4 {[%emt 0:00:29]} 46. e5 {[%emt 0:00:17]} Qc2 {[%emt 0:00:56]} 47. exd6+ {[%emt 0:00:56]} Kd7 {[%emt 0:00:28]} 48. Qxc2 {[%emt 0:00:33]} Rxc2 {[%emt 0:00:03]} 49. Be4 {[%emt 0:00:05]} Rc3 {[%emt 0:04:59]} 50. Bxh7 {[%emt 0:00:11]} Kxd6 {[%emt 0:00:02]} 51. Rxb6+ {[%emt 0:00:28]} Kd5 {[%emt 0:01:10]} 52. Rxf6 {[%emt 0:00:29]} Ra3 {[%emt 0:00:25]} 53. a5 {[%emt 0:00:45]} Kc4 {[%emt 0:00:10]} 54. Rb6 {[%emt 0:00:19]} d3 {[%emt 0:01:16]} 55. Bxd3+ {[%emt 0:00:10]} Rxd3 {[%emt 0:00:12]} 56. a6 {[%emt 0:00:08]} Rd8 {[%emt 0:01:21]} 57. a7 {[%emt 0:00:10]} Ra8 {[%emt 0:00:04]} 58. Rb7 {[%emt 0:00:04]} f5 {[%emt 0:00:04]} 59. b5 {[%emt 0:00:18]} Kd5 {[%emt 0:00:15]} 1-0

[Event "Astana Open GM-norm 2018"]
[Site "Astana"]
[Date "2018.06.24"]
[Round "8"]
[White "Arystanbek, Urazayev"]
[Black "Kirill, Kuderinov"]
[Result "0-1"]
[WhiteElo "2303"]
[BlackElo "2455"]
[Annotator "TA"]
[PlyCount "96"]
[EventDate "2018.06.17"]
[EventType "tourn"]
[EventCountry "KAZ"]
[SourceTitle "playchess.com"]
[Source "ChessBase"]
[SourceQuality "1"]

{[%evp 9,96,93,100,64,74,54,76,52,59,57,52,28,59,11,29,-16,-1,-8,34,20,36,36,25,39,46,0,0,0,0,0,7,0,0,0,7,-70,-84,-62,0,0,0,0,0,-33,-33,-33,-33,-33,-33,-73,-70,-74,-64,-118,70,52,70,36,22,0,0,-314,-389,-367,-352,-343,-328,-637,-664,-1033,-1025,-985,-974,-789,-779,-1076,-1078,-1159,-824,-1127,-1117,-1110,-1081,-1226,-1088,-993,-959,-29991,-29992]} 1. e4 Na6 (1... e5 2. Bc4 Nf6 3. d3 c6 4. Nf3 d5 5. Bb3 Bb4+ 6. Bd2 Bxd2+ 7. Nbxd2 a5 8. c3 Nbd7 9. exd5 cxd5 10. O-O O-O 11. Re1 Re8 12. Nf1 b5 13. a4 b4 14. cxb4 axb4 15. Ne3 {1-0 (77) Carlsen,M (2843)-Caruana,F (2822) Stavanger 2018}) 2. d4 c5 3. Nf3 cxd4 4. Nxd4 Nf6 5. Nc3 d6 6. Be3 $146 {B00: Queen's Fianchetto Defence, Nimzowitsch Defence} ({Predecessor:} 6. f3 Nc5 7. Be3 a6 8. Qd2 e6 9. O-O-O Be7 10. g4 Qc7 11. g5 Nh5 12. Kb1 g6 13. Nde2 b5 14. Ng3 Ng7 15. h4 Bb7 16. h5 O-O-O 17. Qd4 e5 {½-½ (17) Mohr,G (2480)-Mikhalchishin,A (2524) Podlehnik 2001}) 6... Nc7 7. Be2 g6 8. O-O {White is better.} Bg7 9. f4 O-O 10. Qd2 Bd7 11. Bf3 e5 12. fxe5 dxe5 13. Nb3 Bg4 14. Qe2 Bxf3 15. Qxf3 Ne6 16. Rad1 Qc7 17. Rf2 Qc4 18. a4 b6 19. Rfd2 h6 20. h3 Kh7 21. Rd3 Rad8 22. a5 (22. Rxd8 $11 Rxd8 23. Rxd8 Nxd8 24. Qf1) 22... Rxd3 $15 23. Rxd3 b5 ({Better is} 23... bxa5 $15 24. Nxa5 Qb4) 24. Bxa7 $11 b4 25. Nd5 Nxe4 26. Nb6 Qc6 {...f5 is the strong threat.} 27. Nd7 Ra8 28. Bb8 N6g5 29. Qe3 f6 $1 $36 {[%mdl 2048] Black is pushing.} 30. h4 Ne6 {Threatens to win with ...Nf4.} 31. h5 ({White should try} 31. Qf3 $15 Nf4 32. h5 Nxd3 33. hxg6+ Kg8 34. Qxd3) 31... Nf4 $2 (31... gxh5 32. Qf3 $14) ({Black should play} 31... N6g5 $1 $17 32. hxg6+ Kxg6) 32. hxg6+ $14 Kxg6 33. Qf3 $1 Ra6 34. Qg4+ Ng5 $1 ({Wrong is} 34... Kh7 $2 35. Qf5+ Ng6 36. Bc7 $1 $16 {[%mdl 512]}) 35. Rd6 $2 {[%mdl 8192] [#]} (35. Nxe5+ $1 $11 {and White has nothing to worry.} fxe5 36. Rd6+ Qxd6 37. Bxd6 Rxd6 38. Qc8) 35... Qe4 $1 $19 {Strongly threatening ...Rxd6.} 36. Rxa6 h5 37. Nxe5+ Kh7 38. Qxf4 $2 (38. Nd3 Ne2+ 39. Qxe2 Qxe2 40. Nbc1 Qd1+ 41. Kh2 Qxc2 42. Kg1) 38... Qxf4 39. Nd7 Qe3+ 40. Kh2 {[#]} Nf3+ $1 {[%mdl 512]} 41. gxf3 Qf2+ 42. Kh3 Qxf3+ 43. Bg3 Qg4+ 44. Kh2 Qe2+ 45. Kg1 Qxa6 46. Ndc5 Qe2 47. a6 h4 {[%cal Bh5h4,Bh4h3][%mdl 32]} 48. Bf2 h3 {Precision: White = 39%, Black = 70%.} 0-1

[Event "Astana Open GM-norm 2018"]
[Site "Astana"]
[Date "2018.06.24"]
[Round "8"]
[White "Kazybek, Nogerbek"]
[Black "Ivan, Bocharov"]
[Result "1/2-1/2"]
[WhiteElo "2293"]
[BlackElo "2569"]
[Annotator "TA"]
[PlyCount "128"]
[EventDate "2018.06.17"]
[EventType "tourn"]
[EventCountry "KAZ"]
[SourceTitle "playchess.com"]
[Source "ChessBase"]
[SourceQuality "1"]

{[%evp 30,128,24,24,24,24,27,24,22,17,30,29,30,30,48,-9,-27,-26,-26,-58,-34,-110,-97,-151,-138,-138,-143,-166,-181,-189,-173,-231,-150,-158,-151,-118,-52,-59,-50,-91,-55,-66,-55,-152,-145,-129,-137,-146,-132,-131,-149,-142,-93,-93,-80,-65,-3,-4,-4,-6,0,0,0,0,0,0,15,14,14,0,0,0,0,0,0,0,0,0,0,0,0,0,0,0,0,0,0,0,0,0,0,0,0,0,0,0,18,17,42,0,50]} 1. e4 e5 2. Nf3 Nc6 3. Bb5 a6 4. Ba4 Nf6 5. O-O Be7 6. Re1 b5 7. Bb3 d6 8. c3 O-O 9. h3 Bb7 10. d4 Re8 11. a3 h6 12. Nbd2 Bf8 13. Bc2 Nb8 14. b3 Nbd7 15. Bb2 {C93: Spanische Partie (Smyslow-Variante)} c6 (15... c5 16. d5 Bc8 17. a4 Rb8 18. axb5 axb5 19. Bd3 Nh5 20. Bf1 g6 21. Nh2 Ng7 22. Bd3 Nf6 {1-0 (49) Harikrishna,P (2744)-Ivanchuk,V (2726) Riadh 2017}) 16. Bd3 {LiveBook: 4 Partien} Qc7 17. Qc2 {Weiß hat minimalen Vorteil.} Rac8 18. a4 Qb8 $146 ({Vorgänger:} 18... Nh5 19. Bf1 Nf4 20. g3 Nh5 21. Bg2 Qb6 22. c4 exd4 23. Bxd4 {½-½ (70) Pirs,M (2506)-Tauscher,K (2408) Remote email 2013}) 19. b4 Nb6 20. axb5 cxb5 21. d5 Nfd7 22. Qb3 ({Lieber} 22. Nh4 $14) 22... f5 $11 23. exf5 Bxd5 24. Qa3 Bb7 25. Nh4 (25. f6 $15) 25... d5 $17 26. Ng6 (26. Qa2 $142) 26... e4 $1 {[%cal Re4d3]} 27. Bf1 Ne5 28. Nxf8 Rxf8 29. c4 Nbxc4 30. Bxc4 (30. Nxc4 $142 bxc4 31. Qc3 Rxf5 32. f4 Qa7+ 33. Kh2) 30... Nxc4 ({Minderwertig wäre} 30... dxc4 31. Qc3 $11 (31. Qg3 Nf3+ 32. gxf3 Qxg3+ 33. fxg3 c3 $17)) 31. Nxc4 Rxc4 32. f6 gxf6 ({Besser ist} 32... d4 $17 33. fxg7 Rd8) 33. Qe3 $15 Kg7 34. Rac1 Qd6 {Weiss muss nun ...d4 beachten.} ({Ein No Go ist} 34... Rxb4 $6 35. Ba3 $11) 35. Rxc4 dxc4 36. Bc1 {[#]} (36. Qe2 $15) 36... f5 $1 $17 ({Nicht} 36... Qxb4 $2 37. Ba3 $18) 37. Bb2+ Kh7 38. Qa7 {[#]} Qd5 $1 39. Kh2 Rd8 40. Bc3 Qc6 {Und weiter mit ...e3! wäre nett.} 41. Be5 Rg8 42. Re3 h5 (42... Qd5 $15 43. Bf4 Qd7) 43. Rg3 $11 Rxg3 44. Kxg3 e3 {Droht ...h4+ und aus.} 45. f3 h4+ 46. Kh2 e2 47. Qf2 Qe6 48. Qxe2 Kg6 49. Qe1 a5 50. bxa5 {[#]} b4 $1 {[%mdl 512]} 51. Kg1 (51. Qxb4 Qxe5+) 51... Bd5 52. f4 Qe7 53. Qd2 Qc5+ 54. Qf2 Qxa5 55. Qxh4 {Weiss will mit Df6+ Matt setzen.} Qb6+ 56. Kh2 {jetzt De7 und aus.} Qe6 57. Qh8 {Droht Matt per Dg7+.} Kf7 58. Qg7+ Ke8 59. Qc7 Qc6 {Und ...Dxc7 würde nun gewinnen.} 60. Qb8+ Kd7 $1 61. Qxb4 Bxg2 62. Qf8 Be4 63. Qg7+ Kc8 64. h4 Qd7 {Precision: Weiß = 62%, Schwarz = 54%.} 1/2-1/2

[Event "Astana Open GM-norm 2018"]
[Site "Astana"]
[Date "2018.06.25"]
[Round "9"]
[White "Bocharov, Ivan"]
[Black "Vahidov, Tair"]
[Result "1/2-1/2"]
[WhiteElo "2569"]
[BlackElo "2405"]
[Annotator "TA"]
[PlyCount "55"]
[EventDate "2018.06.17"]
[EventType "tourn"]
[EventCountry "KAZ"]
[SourceTitle "playchess.com"]
[Source "ChessBase"]
[SourceQuality "1"]

{[%evp 13,55,33,26,0,0,0,0,0,23,2,41,51,50,59,45,41,29,0,0,0,0,0,0,0,0,-160,-157,-140,-154,-162,-158,-213,-220,-214,-219,-279,-46,-37,-37,-40,0,-3,0,-25]} 1. e4 e5 2. Nf3 Nf6 3. d4 Nxe4 4. Bd3 d5 {[%cal Bd7d5,Bd5e4][%mdl 32]} 5. Nxe5 Nd7 6. Nxd7 Bxd7 7. O-O Be7 {LiveBook: 101 Games} 8. Bxe4 {C43: Petroff Defence: 3 d4} (8. c4 {looks sharper.} Nf6 9. c5 O-O 10. Nc3 b6 11. Be3) (8. Nd2 Nf6 9. h3 O-O 10. Nf3 Re8 11. c3 c5 12. Be3 c4 13. Bc2 Bd6 14. Ne5 Bxe5 15. dxe5 Rxe5 {½-½ (33) Andreikin,D (2702)-Li,C (2732) China 2018}) 8... dxe4 9. Nc3 f5 10. f3 O-O 11. Bf4 $146 ({Predecessor:} 11. fxe4 fxe4 12. Rxf8+ Bxf8 13. Qe2 Bf5 14. Qc4+ Kh8 15. Bf4 Bd6 {1-0 (32) Giaccio,A (2505)-Tempone,M (2423) Buenos Aires 1999}) 11... Bb4 12. Nd5 Ba5 {And now ...Bb5 would win.} 13. fxe4 Bb5 14. Rf2 $1 fxe4 15. Qh5 c6 $36 {[%mdl 2048] Black is pushing.} 16. Ne3 Qxd4 17. Rd1 Qxb2 {...Bb6 is the strong threat.} 18. c4 Qc3 19. Qg5 $2 ({Wrong is} 19. cxb5 $2 Bb6 $19) (19. Nf5 $1 $11 Bb6 20. Ne7+ Kh8 21. Ng6+ Kg8 22. Ne7+ Kh8 23. Ng6+ Kg8 24. Ne7+) 19... h6 $1 $17 {[%cal Rh6g5]} ({Don't play} 19... Rad8 20. Nd5 $17) 20. Qg3 {[#] Black must now prevent Be5.} Rxf4 $1 21. Rxf4 {[#]} Ba4 $1 {[%cal Ra4d1]} ({Weaker is} 21... Bxc4 22. Nxc4 Qxc4 23. Qg6 $11) 22. Rd7 (22. Rb1 $17 {was necessary.}) 22... Bb6 $1 $19 {[%csl LRc4,LRe3]} 23. Kf2 {intending Rxg7+!} Bd4 24. Rff7 Qd2+ $2 ({Better is} 24... Bc2 $19 {( -> ...Qd2+)} 25. Rxd4 Qxd4) 25. Kf1 $15 {[%cal Rf7g7]} Qd3+ 26. Kf2 {[%cal Rf7g7]} Qd2+ 27. Kf1 {[%cal Rf7g7]} Qd3+ 28. Kf2 {Precision: White = 55%, Black = 55%.} 1/2-1/2

[Event "Astana Open GM-norm 2018"]
[Site "Astana"]
[Date "2018.06.25"]
[Round "9"]
[White "Vakhidov, Jakhongir"]
[Black "Nogerbek, Kazybek"]
[Result "1-0"]
[WhiteElo "2546"]
[BlackElo "2293"]
[Annotator "TA"]
[PlyCount "133"]
[EventDate "2018.06.17"]
[EventType "tourn"]
[EventCountry "KAZ"]
[SourceTitle "playchess.com"]
[Source "ChessBase"]
[SourceQuality "1"]

{[%evp 22,133,29,25,35,35,37,33,39,-10,19,18,16,27,26,20,42,35,35,35,35,35,35,36,39,26,24,29,29,29,120,117,122,120,120,119,131,120,168,153,281,295,370,375,351,272,558,532,539,535,522,203,161,47,46,0,120,102,199,46,47,46,63,61,61,61,63,53,177,0,201,201,201,201,292,292,322,322,322,322,1745,2341,2491,1757,1647,910,1739,1133,1143,8,2040,1819,29953,29959,29963,29965,29974,29975,29977,29978,29978,29979,29979,29979,29980,29981,29981,29980,29980,29981,29985,29986,29983,29972]} 1. c4 e5 2. g3 Nf6 3. Bg2 d5 4. cxd5 Nxd5 5. Nf3 Nc6 6. O-O Be7 7. d4 exd4 8. Nxd4 Nxd4 9. Qxd4 Nf6 10. Qxd8+ {A20: English Opening: 1...e5} Bxd8 11. Nc3 c6 (11... O-O 12. Bf4 c6 13. Rad1 Be6 14. Bd6 Re8 15. e4 Bb6 16. h3 Rad8 17. b3 Rd7 {0-1 (32) Kjartansson,G (2457)-Beliavsky,A (2624) Gjakova 2016}) 12. b4 {[%cal Bb2b4,Bb4b5][%mdl 32] LiveBook: 5 Games. White has an edge.} Bd7 13. a4 O-O 14. Rd1 Be7 $146 ({Predecessor:} 14... Bg4 15. h3 Be6 16. Be3 Be7 17. b5 a6 18. bxc6 bxc6 19. Bxc6 {½-½ (67) Kovalevskaya,E (2417)-Ubiennykh,E (2336) Tyumen 2012}) 15. Ba3 Rfd8 16. b5 Bxa3 17. Rxa3 Rac8 18. f4 Be8 {next ...Rxd1+ is good for Black.} 19. Rxd8 Rxd8 20. Rb3 cxb5 21. axb5 b6 22. Ra3 Rc8 23. e4 Ng4 24. e5 Ne3 25. Be4 g6 (25... Rc7 $11) 26. Rxa7 $16 Rxc3 27. Ra8 Rc1+ 28. Kf2 Nd1+ 29. Kg2 Rc5 {[#]} 30. Bc6 $1 Nc3 (30... Kg7 $16) 31. Bxe8 $18 {[%mdl 4096] Endgame KRB-KRN} ({But not} 31. Rxe8+ Kg7 $16) 31... Kf8 32. Rb8 Na4 33. Kh3 g5 $2 (33... Rc7 34. Bc6+ Kg7) 34. Kg4 gxf4 35. gxf4 Rc4 36. Kf5 $2 (36. Kg5 Kg7 37. Rb7) 36... Nc5 37. Rc8 ({White should play} 37. Bd7+ $18 Kg7 38. e6 (38. Rxb6 $2 Nxd7 39. Rc6 Rb4 $19)) 37... Rd4 $1 $14 38. Rb8 {aiming for Bc6+.} Rb4 (38... Rc4 $11) 39. Kg5 Kg7 {[#]} (39... Ne6+ $16 40. Kh6 Ke7) 40. Rxb6 $2 (40. f5 $1 $18 {[%cal Rf5f6] White wants to mate with f6+.} h6+ 41. Kh5) 40... Ne6+ 41. Kg4 Nxf4 42. Kg3 {Hoping for Rb7.} Nd3 43. e6 f5 44. e7 Re4 ({Better is} 44... Rg4+ $1 $14 45. Kf3 Ne5+ 46. Ke2 Re4+ 47. Kd1 Ng6) 45. Bd7 $2 (45. Rb7 $18 Kf6 46. b6 Re3+ 47. Kg2) 45... f4+ $2 (45... Rg4+ $1 $11 46. Kf3 Ne5+ 47. Kf2 Rf4+ 48. Kg2 Rg4+ 49. Kf1 Rf4+ 50. Kg2 Rg4+ 51. Kf2 Rf4+ 52. Kg2) 46. Kg4 $18 Rxe7 47. Bf5 Nb4 (47... Ne5+ $142 48. Kxf4 Ng6+ 49. Bxg6 hxg6) 48. Rd6 f3 49. Kxf3 Re5 50. Bd7 Rd5 $2 (50... Nd5 51. b6 Re3+ 52. Kf2 Nxb6 53. Rxb6 (53. Kxe3 Nc4+ 54. Kf4 Nxd6 $11) 53... Re7) 51. Rxd5 Nxd5 {KB-KN} 52. Bc6 Nb6 53. Kg4 Nc4 54. Kg5 Nb6 55. Kf5 $2 (55. Be4 $18 {Strongly threatening Kf5.} h6+ 56. Kf5) 55... Kf7 $2 {[%mdl 8192]} (55... Nc8 $11) 56. h4 Nc8 57. Bd5+ {White mates.} Ke7 58. Kg5 h5 59. Bf3 Kf7 60. Bxh5+ Kg7 61. Bg6 Nb6 62. h5 {[%cal Bh4h5,Bh5h6][%mdl 32]} Na4 63. h6+ Kh8 64. Bd3 Nb6 65. Kf6 Na8 66. Ke5 Nb6 67. Ke4 {Precision: White = 57%, Black = 32%.} 1-0

[Event "Astana Open GM-norm 2018"]
[Site "Astana"]
[Date "2018.06.25"]
[Round "9"]
[White "Sivuk, Vitaly"]
[Black "Urazayev, Arystanbek"]
[Result "0-1"]
[WhiteElo "2526"]
[BlackElo "2303"]
[Annotator "TA"]
[PlyCount "94"]
[EventDate "2018.06.17"]
[EventType "tourn"]
[EventCountry "KAZ"]
[SourceTitle "playchess.com"]
[Source "ChessBase"]
[SourceQuality "1"]

{[%evp 18,94,32,25,36,33,26,20,43,22,24,0,26,16,41,32,52,2,10,1,4,0,0,-8,1,0,0,0,0,0,0,0,0,-4,-4,-49,-40,-51,-53,-52,-48,-45,-35,-235,-371,-390,-334,-260,-11,-126,0,0,0,0,0,0,0,0,0,0,10,0,0,-29973,-29974,-29979,-29980,-29980,-29978,-29986,-29987,-29987,-29985,-29985,-29986,-29986,-29987,-29989,-29990]} 1. e4 e6 2. d4 d5 3. Bd3 c5 4. exd5 exd5 5. Nf3 Nf6 6. c3 Be7 7. O-O O-O 8. Bg5 Nc6 9. dxc5 Bxc5 10. Nbd2 h6 {C01: French: Exchange Variation} 11. Bh4 Re8 12. Qc2 Be6 $146 {The position is equal.} ({Predecessor:} 12... Bb6 13. Rfe1 Be6 14. Ne5 Nxe5 15. Rxe5 Bc7 16. Ree1 Bxh2+ 17. Kxh2 Ng4+ 18. Kg3 Qd6+ 19. Kf3 Nh2+ 20. Ke3 d4+ {0-1 (20) Gidicov,A (1982)-Legky,N (2392) Varna 2012}) 13. Rad1 Rc8 14. Bh7+ Kh8 {White must now prevent ...g5.} 15. Bf5 Qd7 16. Bxe6 Qxe6 17. Bxf6 (17. Rfe1 $5 {[%cal Re1e6]} Ne4 18. Qb3 $11) 17... Qxf6 18. Nb3 Bb6 19. Qd3 Rcd8 20. Rd2 Ne5 21. Nxe5 Rxe5 22. Nd4 Re4 23. Nf3 Qe6 24. Rfd1 g5 25. g3 f5 {[%cal Bf7f5,Bf5f4][%mdl 32]} 26. Nd4 Bxd4 27. cxd4 f4 28. Rc2 Rf8 29. Rc7 f3 30. h3 $2 (30. Qf1 $15) 30... Qxh3 $19 {[%csl Gf3][%cal Rh3g2]} 31. Qf1 Qe6 32. Rxb7 a6 $2 (32... Re2 $19 {Threatening ...Rc8.} 33. Rc1 Rc8 34. Rxc8+ Qxc8 35. Rxa7 Qe6) 33. Rc1 {[#]} (33. Rc7 $11 {remains equal.}) 33... Re8 (33... Rc8 $1 $17 {[%cal Rc8c1] ( -> ...Rxc1)} 34. Rxc8+ Qxc8) 34. Kh2 $11 Re2 35. Rcc7 g4 {And now ...Qe4 would win.} 36. Rh7+ Kg8 {...Qg6 is the strong threat.} 37. Rbg7+ Kf8 38. Rc7 {Hoping for Rh8+.} Qf6 39. Qc1 Rxf2+ 40. Kh1 $2 {[%mdl 8192] [#]} (40. Kg1 $11 Rg2+ 41. Kf1) 40... Kg8 {Black mates.} 41. Qb1 Re4 42. Rhd7 Qf8 43. Kg1 Rfe2 44. Kf1 f2 45. Rg7+ Qxg7 46. Rxg7+ Kxg7 47. Qd3 Rxb2 {Precision: White = 52%, Black = 68%.} 0-1

[Event "Astana Open GM-norm 2018"]
[Site "Astana"]
[Date "2018.06.25"]
[Round "9"]
[White "Kuderinov, Kirill"]
[Black "Amanov, Zhanibek"]
[Result "1-0"]
[WhiteElo "2455"]
[BlackElo "2340"]
[Annotator "TA"]
[PlyCount "83"]
[EventDate "2018.06.17"]
[EventType "tourn"]
[EventCountry "KAZ"]
[SourceTitle "playchess.com"]
[Source "ChessBase"]
[SourceQuality "1"]

{[%evp 9,83,0,0,-17,-10,-7,-10,-11,0,-5,-8,-16,-7,-5,-14,-14,-15,-16,-10,-18,14,-2,0,-16,-10,-21,-13,-9,-8,-16,32,21,104,0,19,11,65,6,26,24,113,114,105,107,105,120,139,126,108,114,133,137,143,82,91,81,95,64,62,56,77,77,207,218,168,94,195,179,185,177,182,209,279,274,652,634]} 1. a3 d5 2. Nf3 Nf6 3. g3 {[%cal Bg2g3,Bg3g4][%mdl 32]} c6 (3... Bf5 4. Bg2 e6 5. O-O Be7 6. d3 h6 7. Nbd2 Bh7 8. b4 a5 9. b5 a4 10. c4 c6 11. bxc6 bxc6 {0-1 (48) Nataf,I (2541)-Wojtaszek,R (2724) Saint-Quentin 2014}) 4. Bg2 Bg4 {[%cal Bc8g4,Bg4h5,Bh5g6][%mdl 32]} 5. h3 Bh5 6. g4 $146 {A00: Irregular Openings} ({Predecessor:} 6. d3 Nbd7 7. Nbd2 e5 8. O-O a5 9. e4 dxe4 10. dxe4 {½-½ (33) Morris,J (2364)-Tan,J (2160) North Geelong 2012}) 6... Bg6 7. d3 e6 8. O-O {The position is equal.} Be7 9. Bf4 O-O 10. Nbd2 Nbd7 11. c4 a5 12. Bg3 Ne8 13. cxd5 cxd5 14. e4 dxe4 15. Nxe4 Nef6 16. Re1 Qb6 17. Qe2 Rac8 18. Rac1 Rfd8 19. Nxf6+ Nxf6 20. Ne5 Bd6 {[#]} (20... Qb3 $11) 21. d4 ({White should play} 21. Nc4 $1 $16 {[%cal Rc4b6]} Rxc4 22. dxc4 Bxg3 23. c5 Bxf2+ 24. Qxf2) 21... Bxe5 ({Wrong is} 21... Qxd4 $2 22. Rxc8 Rxc8 23. Nxg6 $18) 22. Bxe5 Nd7 (22... h6 $11) 23. Bg3 (23. Bf4 $14) 23... Nf6 $11 24. g5 Nd7 (24... Nh5 $1 $11) 25. h4 Nf8 26. h5 $36 {[%mdl 2048] White has strong initiative.} Bf5 27. Be5 Nd7 28. h6 gxh6 29. gxh6 f6 30. Bg3 Nf8 31. Rxc8 (31. d5 $142) 31... Rxc8 $16 32. d5 {Threatens to win with dxe6.} e5 33. Qf3 Bd7 {[#]} 34. d6 $1 {[%mdl 512]} Qxd6 35. Rd1 Qe6 (35... Qe7 $16) 36. Qxb7 $18 Kh8 37. Qd5 (37. Bh4 $18 {White wants to mate with Rxd7!} f5 38. Bg5) 37... Qxd5 (37... Qg4 $16 {was worth a try.}) 38. Rxd5 ({Resist} 38. Bxd5 $6 Ng6 $16) 38... a4 39. Rd6 {Hoping for Bd5.} Be6 40. Bh4 Kg8 41. Bxf6 Rc5 $2 (41... Kf7) 42. Bg7 {Precision: White = 68%, Black = 43%.} 1-0